HT Computers výročná správa 2001

Uložené v:
Podrobná bibliografia
Médium: Kniha
Jazyk:Slovak
English
Vydavateľské údaje: Bratislava HT Computers [2002]
Predmet:
Tagy: Pridať tag
Žiadne tagy, Buďte prvý, kto otaguje tento záznam!

MARC

LEADER 00000nam$a2200000$$$4500
001 0003960
005 20240108123750.9
041 0 |a slo 
041 0 |a eng 
044 |a SK 
245 1 0 |a HT Computers  |b výročná správa 2001 
264 1 |a Bratislava  |b HT Computers  |c [2002] 
300 |a 16 s. 
610 2 0 |a školenie odborné 
610 2 0 |a spolupráca podnikov 
610 2 0 |a prekladatelia 
610 2 0 |a systémy informačné 
610 2 0 |a siete počítačové 
610 2 0 |a servis 
610 2 0 |a tržby 
610 2 0 |a výnosy 
610 2 0 |a výkazy finančné 
610 2 0 |a bilancie 
610 2 0 |a audit